00963cam a22002771 4500952015900000999001700159001000800176003000900184005001700193008004100210010001700251015001400268035001900282040003200301042001200333050001900345082001700364100002300381245006600404260004000470300003100510504005200541600003500593906004500628942001200673 00102ddc40718NFICaASLbASLcHCd2020-09-29eDonated by Prof. John B. Harrisonl0o923.254 DAPp101615r2020-09-29 00:00:00tC-1w2020-09-29yBKzRARE c18425d184257963345BDDh-ASL20231015025715.0800402s1961 enka b 001 0 eng  a 61003771  aGB61-7982 a(OCoLC)6160363 aDLCcNNSU-MCdBDDh-ASLdDLC apremarc00aDS481.N35bD32 a923.254bDAP1 aDas, Manmath Nath.14aThe political philosophy of Jawaharlal Nehru/cby M. N. Das.  aLondon:bG. Allen & Unwin, c1961.  a251 p. :billus. ;c23 cm. aIncludes bibliographical references and index. 10aNehru, Jawaharlal,d1889-1964. a7bcbccoclcrplduencipf19gy-gencatlg 2ddccBK